Pysmennyk, publicyst ta foľkoryst..

Bibliographic Details
Format: Article
Language:Ukrainian
PhysicalDescription:Fot. 1.
Subjects:

MARC

LEADER 00000nab a2200000 a 4500
001 vtls000290852
003 SK-MaSNL
005 20260318140750.0
008 180130c1987 xo 0 ukr
015 |a SNBRB19rr/mm-uuuuu 
035 |a CL0300971 
040 |a SNKBUCL  |b slo  |c SNKBUCL  |e AACR2 
041 0 |a ukr 
044 |a xo  |c SK 
080 |a 883 (437)-1  |2 1981 
080 |a 398.2(=83)  |2 1981 
080 |a 82  |2 1981 
080 |a 929  |2 1981 
080 |a 883 (437)  |2 1981 
080 |a 929 Mytrak, Oleksandr  |2 1981 
080 |a 784.4  |2 1981 
245 0 0 |a Pysmennyk, publicyst ta foľkoryst.. 
300 |b Fot. 1. 
500 |a V rubrike Z našoho mynuloho. 
650 0 7 |a Mytrak, Oleksandr  |2 snkbucl  |9 1141672 
650 0 7 |a ľudové piesne  |2 snkbucl  |9 1941 
655 7 |a články z novín a časopisov  |2 snkbucl  |9 267496 
655 7 |a články z odboru literárna veda a krásna literatúra  |2 snkbucl  |9 770045 
773 0 |t Nove žyttja  |g Roč. 37, č. 33 (1987), s. 4 
850 |a Slovenská národná knižnica v Martine  |a MTA001 
852 |a SNK  |b KIS3GCP 
958 |a BX 
958 |a RK 
958 |a LX 
958 |a UK 
992 |a RBX 
999 |c 1930821  |d 1932751